000
00235nam a22001097a 4500
041
_a
eng
080
_a
80
100
_a
Azar, Betty S.
245
_a
Understanding and using english grammar.
650
_a
English Grammar
999
_c
279581
_d
279581
942
_c
BK